Fourth Symposium on Biotechnology in Energy Production and Conservation: proceedings
保存先:
| 第一著者: | |
|---|---|
| フォーマット: | 図書 |
| 言語: | 英語 |
| 出版事項: |
Nueva York
John Wiley
1982
|
| シリーズ: | Biotechnology and Bioengineering Symposium, 12
|
| 主題: | |
| タグ: |
タグ追加
タグなし, このレコードへの初めてのタグを付けませんか!
|
MARC
| LEADER | 00000nam a2200000 a 4500 | ||
|---|---|---|---|
| 001 | UCU4705 | ||
| 003 | CL-VaPUC | ||
| 005 | 20230606074337.0 | ||
| 008 | 960524e19820000us 1 eng d | ||
| 082 | 0 | 4 | |a 660.6 |b SCO |2 21 |
| 100 | 1 | |a Scott, Charles D |e author |9 617770 | |
| 245 | 1 | 0 | |a Fourth Symposium on Biotechnology in Energy Production and Conservation: proceedings |
| 260 | |a Nueva York |b John Wiley |c 1982 | ||
| 300 | |a v | ||
| 490 | 0 | |a Biotechnology and Bioengineering Symposium, 12 | |
| 583 | |a last modification |c 19960524 00:00:00 |k Rodrigo Vera | ||
| 650 | 0 | 0 | |a Biotecnología |9 259561 |
| 650 | 0 | 0 | |a Energía |9 259431 |
| 650 | 0 | 0 | |a Fuentes de energía |9 263042 |
| 650 | 0 | 7 | |a CONSERVACION DE LA ENERGIA |2 CL-VaPUC |9 262923 |
| 650 | 0 | 0 | |a Fermentación |9 259565 |
| 650 | 0 | 0 | |a Enzimas |9 262984 |
| 650 | 0 | 7 | |a CELULOSA |2 CL-VaPUC |9 365812 |
| 650 | 0 | 0 | |a Hidratos de carbono |9 360963 |
| 942 | |c BK | ||
| 945 | |a paguirre |d 19960524 00:00:00 | ||
| 546 | |a En Inglés | ||
| 518 | |p Symposium on Biotechnology in Energy Production and Conservation, 4, Gatlinburg, 11 al 14 de Mayo de 1982 | ||
| 999 | |c 382629 |d 382627 | ||
| 952 | |0 0 |1 0 |4 0 |6 660_600000000000000_SCO_1982 |7 0 |8 A |9 504421 |a BIBING |b BIBING |d 2020-01-23 |i 2607646 |o 660.6 SCO 1982 |p 2607646 |r 2025-01-20 |w 2020-01-23 |y BK |k EIB | ||